| 000 | 00643nam a22002055i 4500 | ||
|---|---|---|---|
| 001 | 164642 | ||
| 003 | ES-MaACL | ||
| 005 | 20230906212956.0 | ||
| 008 | 050803s1861 fr | |||||||| ||fre d | ||
| 040 |
_aCAM _bspa _cCAM |
||
| 100 | 1 |
_aSand, George, _d1804-1876 _9103060 |
|
| 245 | 1 | 0 |
_aAndré / _cpar George Sand. |
| 250 | _aNouvelle éd. | ||
| 260 |
_aParis : _bMichel Lévy frères libraires-éditeurs, _c1861 ( _fImprimerie de J. Claye) |
||
| 300 |
_a271 p. ; _c18 cm. |
||
| 490 | 1 | _aOeuvres de George Sand | |
| 830 | 0 |
_aOeuvres de George Sand _9188465 |
|
| 852 |
_aES-MaACL _jG-14730 _z-- Enc. hol. |
||
| 999 |
_c164642 _d164642 |
||